[Event "AUTO-ELITE-04"]
[Site "http://www.queenalice.com/game.php?id=26740"]
[Date "2005.8.31"]
[Round "1"]
[White "wiske"]
[Black "YOYO"]
[Result "1-0"]
[WhiteElo "2080"]
[BlackElo "1500"]

1. e4 e5 2. Nf3 d6 3. d4 exd4 4. Nxd4 c5 5. Bb5+ Bd7 6. Bxd7+ Nxd7 7. Nf5 Ne5 8.
Nc3 g6 9. Ne3 Bg7 10. Ned5 Nf6 11. Bg5 h6 12. Bxf6 Bxf6 13. O-O h5 14. Qd2 O-O
15. Nxf6+ Qxf6 16. Nd5 Qh4 17. f4 Nc6 18. f5 Qxe4 19. Nf6+ Kg7 20. Nxe4 gxf5 21.
Qg5+ Kh7 22. Nf6+ Kh8 23. Qh6# 1-0

[Event "AUTO-ELITE-05"]
[Site "http://www.queenalice.com/game.php?id=28560"]
[Date "2005.9.14"]
[Round "1"]
[White "YOYO"]
[Black "Gambitshark"]
[Result "0-1"]
[WhiteElo "1500"]
[BlackElo "2211"]

1. e4 c5 2. Bc4 e6 3. a3 d5 4. exd5 exd5 5. Ba2 Nf6 6. d3 Bd6 7. Bg5 O-O 8. Nf3
Re8+ 9. Kf1 Be7 10. Nc3 Be6 11. Ne5 Qb6 12. b3 h6 13. Na4 Qc7 14. Bf4 Bd6 15. d4
cxd4 16. Qxd4 Nh5 17. Bg3 Nxg3+ 18. hxg3 Bxe5 19. Qd1 Bxa1 20. Qxa1 Qxc2 21. Rh4
Nc6 22. Nc3 d4 23. Nb5 d3 24. Nd4 Nxd4 25. Rxd4 d2 26. Kg1 Qc1+ 0-1

[Event "AUTO-ELITE-05"]
[Site "http://www.queenalice.com/game.php?id=28561"]
[Date "2005.9.14"]
[Round "1"]
[White "Gambitshark"]
[Black "YOYO"]
[Result "1-0"]
[WhiteElo "2210"]
[BlackElo "1500"]

1. e4 b6 2. d4 Bb7 3. Nc3 e6 4. a3 Nf6 5. Bd3 Nc6 6. Nf3 d5 7. e5 Nd7 8. O-O h6
9. b4 g5 10. Be3 f5 11. Ne1 h5 12. Ne2 Qe7 13. c4 dxc4 14. Bxc4 h4 15. f4 g4 16.
Rc1 a5 17. Bxe6 axb4 18. d5 Na5 19. Rxc7 Rd8 20. Bxf5 b5 21. Bg6+ 1-0

[Event "AUTO-ELITE-05"]
[Site "http://www.queenalice.com/game.php?id=28562"]
[Date "2005.9.14"]
[Round "1"]
[White "YOYO"]
[Black "popcorn"]
[Result "0-1"]
[WhiteElo "1500"]
[BlackElo "2039"]

1. d4 Nf6 2. Nf3 g6 3. c4 Bg7 4. Nc3 d6 5. e4 O-O 6. Be3 c6 7. Bd3 e5 8. d5 c5
9. a3 Ng4 10. h3 Nxe3 11. fxe3 f5 12. O-O Bh6 13. Qe2 Nd7 14. exf5 gxf5 15. e4
f4 16. b4 b6 17. bxc5 bxc5 18. Nb5 Nf6 19. a4 a6 20. Nc3 Nh5 21. Qf2 Ng3 22.
Rfb1 Kh8 23. Qc2 Rg8 24. a5 Bxh3 25. Rb6 Qd7 26. Kf2 Nxe4+ 27. Ke1 Rxg2 28. Qb3
Nxc3 29. Qxc3 Qg4 30. Be2 Qg3+ 31. Kd2 Qf2 32. Re1 Bg7 33. Rxd6 e4 34. Qb3 exf3
35. Re6 Bxe6 36. dxe6 Qe3+ 37. Qxe3 fxe3+ 0-1

[Event "AUTO-ELITE-05"]
[Site "http://www.queenalice.com/game.php?id=28563"]
[Date "2005.9.14"]
[Round "1"]
[White "popcorn"]
[Black "YOYO"]
[Result "1-0"]
[WhiteElo "2067"]
[BlackElo "1500"]

1. d4 d5 2. c4 dxc4 3. e4 b5 4. a4 Bd7 5. axb5 Bxb5 6. Bxc4 Bd7 7. Ne2 e6 8. O-O
Nf6 9. Nbc3 Bb4 10. f3 a5 11. Bg5 h6 12. Bh4 O-O 13. e5 g5 14. exf6 gxh4 15. Ne4
Kh8 16. Qc1 Kh7 17. Bd3 Rh8 18. Qf4 Kg8 19. Qg4+ Kf8 20. Qg7+ Ke8 21. Qxh8+ Bf8
22. Nf4 Nc6 23. Nh5 Bc8 24. Ng7+ Kd7 25. Nc5+ Kd6 26. Qg8 Nxd4 27. Rac1 c6 28.
Qxf7 h3 29. Ne8+ Kd5 30. Be4+ Ke5 31. f4# 1-0

[Event "AUTO-ELITE-05"]
[Site "http://www.queenalice.com/game.php?id=28564"]
[Date "2005.9.14"]
[Round "1"]
[White "YOYO"]
[Black "modestyblase"]
[Result "0-1"]
[WhiteElo "1500"]
[BlackElo "1954"]

1. d4 d5 2. Nf3 e6 3. Bf4 c5 4. e3 c4 5. Ne5 Nf6 6. Nc3 Bb4 7. a3 Ba5 8. f3 Nh5
9. g4 Qh4+ 10. Ke2 Nxf4+ 11. Kd2 Qf2+ 12. Be2 Bxc3+ 13. bxc3 Qxe2+ 14. Qxe2 Nxe2
15. Kxe2 f6 16. f4 fxe5 17. dxe5 Nd7 18. h4 Nc5 19. a4 Ne4 20. Kf3 Nxc3 21. Ra3
Ne4 22. c3 a5 23. g5 Bd7 24. Rb1 Nd2+ 0-1

[Event "AUTO-ELITE-05"]
[Site "http://www.queenalice.com/game.php?id=28565"]
[Date "2005.9.14"]
[Round "1"]
[White "modestyblase"]
[Black "YOYO"]
[Result "1-0"]
[WhiteElo "1958"]
[BlackElo "1496"]

1. d4 d5 2. c4 dxc4 3. e4 b5 4. a4 Bd7 5. axb5 Bxb5 6. b3 Bd7 7. Bxc4 e6 8. Nf3
Bb4+ 9. Nbd2 Nf6 10. O-O a5 11. Ba3 Nc6 12. d5 Ne7 13. dxe6 Bxe6 14. Bxe6 fxe6
15. Qc2 c5 16. Nc4 O-O 17. Ng5 Ra6 18. e5 Ned5 19. exf6 Nxf6 20. Bb2 g6 21. Rad1
Qe7 22. Qe2 1-0

[Event "AUTO-ELITE-06"]
[Site "http://www.queenalice.com/game.php?id=29150"]
[Date "2005.9.17"]
[Round "1"]
[White "modestyblase"]
[Black "YOYO"]
[Result "1-0"]
[WhiteElo "1956"]
[BlackElo "1498"]

1. d4 d5 2. c4 dxc4 3. e3 b5 4. a4 Bd7 5. axb5 Bxb5 6. Nc3 Bd7 7. Bxc4 e6 8. Nf3
Bb4 9. O-O Nf6 10. d5 O-O 11. Qb3 exd5 12. Nxd5 c5 13. Ne5 Be6 14. Nxb4 Bxc4 15.
Nxc4 cxb4 16. Qxb4 Nc6 17. Qa4 Qc7 18. Bd2 Ng4 19. f4 Ne7 20. h3 Nf6 21. Ne5 Nf5
22. Kh2 1-0

[Event "AUTO-ELITE-06"]
[Site "http://www.queenalice.com/game.php?id=29151"]
[Date "2005.9.17"]
[Round "1"]
[White "YOYO"]
[Black "modestyblase"]
[Result "0-1"]
[WhiteElo "1500"]
[BlackElo "1948"]

1. d4 d5 2. Nf3 e6 3. e3 a6 4. Bd3 c5 5. b3 Nf6 6. c3 b5 7. dxc5 Bxc5 8. O-O
Nbd7 9. Ba3 Qc7 10. b4 Ba7 11. Bb2 Bb7 12. h3 O-O 13. Qc2 e5 14. Nh2 Bb8 15. Nd2
e4 16. Be2 Qxh2# 0-1

[Event "AUTO-ELITE-06"]
[Site "http://www.queenalice.com/game.php?id=29162"]
[Date "2005.9.17"]
[Round "1"]
[White "salso"]
[Black "YOYO"]
[Result "1-0"]
[WhiteElo "1991"]
[BlackElo "1500"]

1. e4 c5 2. b4 cxb4 3. a3 e6 4. axb4 Bxb4 5. c3 Bc5 6. d4 Bb6 7. e5 Nc6 8. Qg4
Nge7 9. Qxg7 Rg8 10. Qxh7 d6 11. exd6 Qxd6 12. Ba3 Qf4 13. Nd2 Bd7 14. Nh3 Qc7
15. Ne4 O-O-O 16. Bd6 Rh8 17. Bxc7 Rxh7 18. Bxd8 Kxd8 19. Nf6 Rh6 20. Nxd7 Kxd7
21. Bb5 Rh4 22. Ng5 f6 23. Nf3 Re4+ 24. Kd2 a6 25. Bxc6+ Nxc6 26. h4 e5 27. h5
exd4 28. cxd4 f5 29. h6 Nxd4 30. Nxd4 Bxd4 31. Rab1 Bxf2 32. h7 Bd4 33. h8=Q
Bxh8 34. Rxh8 b5 35. Ra1 Rg4 36. Rxa6 Rxg2+ 37. Ke3 Kc7 38. Rh7+ Kb8 39. Rb6+
1-0

[Event "AUTO-ELITE-06"]
[Site "http://www.queenalice.com/game.php?id=29163"]
[Date "2005.9.17"]
[Round "1"]
[White "YOYO"]
[Black "salso"]
[Result "0-1"]
[WhiteElo "1500"]
[BlackElo "1989"]

1. e4 e6 2. Nf3 d5 3. e5 c5 4. c3 Nc6 5. Bb5 Qb6 6. a4 a6 7. Bxc6+ bxc6 8. O-O
a5 9. d4 cxd4 10. cxd4 Ba6 11. Re1 c5 12. dxc5 Bxc5 13. Be3 Bxe3 14. Rxe3 Ne7
15. Rb3 Qc7 16. Nc3 O-O 17. Rc1 Qa7 18. Nb5 Bxb5 19. Rxb5 Rfc8 20. h3 Rab8 21.
Rxc8+ Rxc8 22. h4 h6 23. Qd2 Ra8 24. g4 Nc6 25. h5 Rb8 26. Rxb8+ Qxb8 27. Qc3
Qb6 28. b3 Kf8 29. g5 hxg5 30. Nxg5 d4 31. Qg3 Qc5 32. h6 gxh6 33. Nh7+ Ke7 34.
Qh4+ Kd7 35. Nf6+ Kc7 36. Ne8+ Kb6 37. Qxh6 Qxe5 38. Nf6 Qd6 0-1

[Event "AUTO-ELITE-06"]
[Site "http://www.queenalice.com/game.php?id=29170"]
[Date "2005.9.17"]
[Round "1"]
[White "YOYO"]
[Black "cro_kramnik"]
[Result "0-1"]
[WhiteElo "1500"]
[BlackElo "2038"]

1. d4 d5 2. Nf3 c5 3. dxc5 e6 4. b4 a5 5. Bd2 axb4 6. Bxb4 Nc6 7. c3 b6 8. cxb6
Nxb4 9. cxb4 Bxb4+ 10. Nbd2 Qxb6 11. e3 Nf6 12. Bd3 Ra3 13. Qc2 Ba6 14. Ne5 Nd7
15. Nxd7 Kxd7 16. Bxa6 Qxa6 17. f3 Rxe3+ 18. Kd1 Qe2+ 19. Kc1 Bxd2+ 20. Qxd2
Rc8+ 0-1

[Event "AUTO-ELITE-06"]
[Site "http://www.queenalice.com/game.php?id=29171"]
[Date "2005.9.17"]
[Round "1"]
[White "cro_kramnik"]
[Black "YOYO"]
[Result "1-0"]
[WhiteElo "2054"]
[BlackElo "1500"]

1. Nf3 d5 2. d4 Nc6 3. c4 e6 4. Nc3 Bb4 5. Bg5 f6 6. Bf4 Nge7 7. e3 h5 8. h4 Ng6
9. Bg3 Na5 10. cxd5 exd5 11. Bd3 Ne7 12. O-O Bg4 13. Nb5 a6 14. Nxc7+ Kf7 15.
Nxa8 Qxa8 16. a3 Bxf3 17. gxf3 Bxa3 18. Rxa3 Nac6 19. Rc3 g5 20. Kh2 Rg8 21. Rg1
Qc8 22. hxg5 fxg5 23. Rg2 Qe6 24. Kg1 h4 25. Bh2 Nf5 26. Qb3 h3 27. Qxb7+ Nce7
28. Bxf5 Qxf5 29. e4 Qf6 30. Be5 Qh6 31. Rc7 hxg2 32. Rxe7+ Kf8 33. Rf7+ 1-0

[Event "AUTO-ELITE-07"]
[Site "http://www.queenalice.com/game.php?id=29941"]
[Date "2005.9.22"]
[Round "1"]
[White "tbotoi"]
[Black "YOYO"]
[Result "1-0"]
[WhiteElo "1904"]
[BlackElo "1500"]

1. e4 c5 2. Nf3 Nc6 3. d4 cxd4 4. Nxd4 Nxd4 5. Qxd4 e6 6. Nc3 Qb6 7. Qxb6 axb6
8. Be3 Bc5 9. Nb5 Kd8 10. Bxc5 bxc5 11. Nd6 Ke7 12. O-O-O Nf6 13. a3 Rd8 14. f3
b6 15. e5 Nd5 16. Bd3 Ba6 17. Bxh7 g6 18. h4 Rh8 19. h5 Rxh7 20. hxg6 Rxh1 21.
Rxh1 Nf4 22. Rh7 Rg8 23. Rxf7+ Kd8 24. Rxf4 Bb5 25. g7 Bc6 26. Rf8+ 1-0

[Event "AUTO-ELITE-07"]
[Site "http://www.queenalice.com/game.php?id=29942"]
[Date "2005.9.22"]
[Round "1"]
[White "YOYO"]
[Black "tbotoi"]
[Result "1-0"]
[WhiteElo "1490"]
[BlackElo "1805"]

1. d4 d5 2. Nf3 Nf6 3. e3 g6 4. Bd3 Bg7 5. a4 O-O 6. b4 Bg4 7. h3 Bxf3 8. Qxf3
Nbd7 9. Nc3 c6 10. b5 e5 11. Be2 exd4 12. exd4 c5 13. dxc5 Nxc5 14. Bg5 d4 15.
Nd1 Qd5 16. Bxf6 Qxf3 17. Bxf3 Bxf6 18. O-O Rac8 19. Ra2 b6 20. Bc6 Na6 21. Ra3
Nb4 22. Rf3 Kg7 23. Nb2 Nxc6 24. bxc6 Rxc6 25. Nd3 Rxc2 26. Ra1 Rfc8 27. Nb4
Rc1+ 28. Rxc1 Rxc1+ 29. Kh2 Rc3 30. Rd3 Rc4 31. Rb3 1-0

[Event "AUTO-ELITE-07"]
[Site "http://www.queenalice.com/game.php?id=29957"]
[Date "2005.9.22"]
[Round "1"]
[White "arb"]
[Black "YOYO"]
[Result "1-0"]
[WhiteElo "2237"]
[BlackElo "1494"]

1. e4 c5 2. Nf3 Nc6 3. c3 d6 4. d4 cxd4 5. cxd4 Bg4 6. d5 Bxf3 7. Qxf3 Nd4 8.
Qd1 Qa5+ 9. Nc3 Qc5 10. Be3 e5 11. dxe6 fxe6 12. Bxd4 Qg5 13. Qb3 Qe7 14. Bc4 d5
15. Nxd5 exd5 16. Bb5+ Kd8 17. Qxd5+ Qd6 18. Qxd6+ Bxd6 19. Bxg7 Ne7 20. Bxh8 a6
21. Ba4 b5 22. Bb3 Kc7 23. Rc1+ Kb6 24. Bd4+ Ka5 25. a3 b4 26. axb4+ Bxb4+ 27.
Ke2 1-0

[Event "AUTO-ELITE-07"]
[Site "http://www.queenalice.com/game.php?id=29958"]
[Date "2005.9.22"]
[Round "1"]
[White "YOYO"]
[Black "arb"]
[Result "0-1"]
[WhiteElo "1492"]
[BlackElo "2238"]

1. d4 Nf6 2. c4 c5 3. d5 e6 4. e4 Nxe4 5. dxe6 fxe6 6. Qh5+ g6 7. Qe5 Nf6 8. Bg5
Be7 9. Nc3 O-O 10. Bxf6 Bxf6 11. Qxc5 Na6 12. Qd6 Qa5 13. Ne2 Nb4 14. Rc1 b6 15.
a3 Na2 16. Rc2 Bh4 17. g3 Nxc3 18. Nxc3 Bb7 0-1

[Event "AUTO-ELITE-07"]
[Site "http://www.queenalice.com/game.php?id=29969"]
[Date "2005.9.22"]
[Round "1"]
[White "YOYO"]
[Black "egaray"]
[Result "0-1"]
[WhiteElo "1500"]
[BlackElo "2071"]

1. e4 g5 2. Bc4 d6 3. Qh5 e6 4. d4 h6 5. Nh3 Nf6 6. Qe2 a6 7. e5 b5 8. Bxb5+
axb5 9. exf6 Qxf6 10. Qxb5+ c6 11. Qb6 Ba6 12. Be3 Qf5 13. Qb3 Qg4 14. c4 Qxg2
15. Rg1 Qxh3 16. Nc3 Qxh2 17. O-O-O Qh3 18. Rh1 Qf5 19. Na4 Nd7 20. d5 cxd5 21.
Nb6 Bxc4 22. Nxc4 Rc8 23. Qd3 Rxc4+ 24. Kb1 Qxd3+ 25. Rxd3 Bg7 26. Rb3 Ke7 27.
Rb7 Rhc8 28. b3 Rc2 29. Bc1 Rxf2 30. a4 Rcc2 31. a5 Ra2 0-1

[Event "AUTO-ELITE-07"]
[Site "http://www.queenalice.com/game.php?id=29970"]
[Date "2005.9.22"]
[Round "1"]
[White "egaray"]
[Black "YOYO"]
[Result "1-0"]
[WhiteElo "1988"]
[BlackElo "1500"]

1. d4 d5 2. Nc3 Nf6 3. f3 e6 4. e4 dxe4 5. Bg5 exf3 6. Nxf3 Be7 7. Bd3 a6 8. O-O
h6 9. Bh4 Nc6 10. Qe1 Nxd4 11. Ne5 Bd6 12. Ng4 Be7 13. Nxf6+ Bxf6 14. Rxf6 gxf6
15. Qf2 Qd6 16. Bxf6 Rg8 17. Bxd4 Rg4 18. Ne4 Rf4 19. Nxd6+ 1-0

[Event "AUTO-ELITE-08"]
[Site "http://www.queenalice.com/game.php?id=31074"]
[Date "2005.9.30"]
[Round "1"]
[White "YOYO"]
[Black "cro_kramnik"]
[Result "0-1"]
[WhiteElo "1500"]
[BlackElo "2050"]

1. d4 d5 2. g3 Nf6 3. Bg2 e6 4. Bg5 c5 5. c3 Nc6 6. dxc5 Bxc5 7. b4 Bxf2+ 8.
Kxf2 Ng4+ 9. Ke1 Qxg5 10. Nf3 Qe3 11. Rf1 Nxh2 12. Nxh2 Qxg3+ 13. Kd2 Qxh2 14.
Bf3 Qe5 15. Na3 Bd7 16. Qb3 Rc8 17. Rac1 Qg5+ 18. Kd1 Nd4 19. Qb2 Nf5 20. Qd2
Ne3+ 21. Ke1 Qg3+ 22. Rf2 Qg1+ 0-1

[Event "AUTO-ELITE-08"]
[Site "http://www.queenalice.com/game.php?id=31075"]
[Date "2005.9.30"]
[Round "1"]
[White "cro_kramnik"]
[Black "YOYO"]
[Result "1-0"]
[WhiteElo "2052"]
[BlackElo "1500"]

1. Nf3 d5 2. d4 Bf5 3. c4 Nf6 4. Nc3 dxc4 5. e3 Be6 6. Ng5 h6 7. Nxe6 fxe6 8.
Bxc4 Qd6 9. Qb3 Nc6 10. Nb5 Qb4+ 11. Qxb4 Nxb4 12. Nxc7+ Kd7 13. Nxa8 Nc2+ 14.
Ke2 Nxa1 15. Bd2 g5 16. Rxa1 Bg7 17. Bb5+ Kc8 18. Rc1+ Kb8 19. Nc7 e5 20. Ne6
Rg8 21. Nxg7 Rxg7 22. dxe5 Nd5 23. Bd7 a6 24. Rc8+ Ka7 25. e4 Nf4+ 26. Kf1 Nd3
27. Be3+ b6 28. Bc6 1-0

[Event "AUTO-ELITE-08"]
[Site "http://www.queenalice.com/game.php?id=31076"]
[Date "2005.9.30"]
[Round "1"]
[White "YOYO"]
[Black "Montalbano"]
[Result "0-1"]
[WhiteElo "1500"]
[BlackElo "2176"]

1. e4 c5 2. Bc4 e6 3. d3 d5 4. exd5 exd5 5. Bb3 Nf6 6. Bg5 Be7 7. Nc3 O-O 8.
Bxf6 Bxf6 9. Qf3 Bxc3+ 10. bxc3 Be6 11. a3 c4 12. dxc4 dxc4 13. Qxb7 Bd5 14. Qb4
Nc6 15. Qc5 Bxg2 16. Bxc4 Re8+ 17. Ne2 Bxh1 18. Rd1 Qh4 19. Rd2 Re5 20. Bxf7+
Kxf7 21. Rd7+ Kg8 22. Qd6 Rae8 0-1

[Event "AUTO-ELITE-08"]
[Site "http://www.queenalice.com/game.php?id=31077"]
[Date "2005.9.30"]
[Round "1"]
[White "Montalbano"]
[Black "YOYO"]
[Result "1-0"]
[WhiteElo "2187"]
[BlackElo "1500"]

1. e4 c5 2. Nf3 Nc6 3. Bb5 e6 4. O-O a6 5. Bxc6 dxc6 6. d3 Bd6 7. Na3 Ne7 8. Nc4
Bb8 9. Be3 b5 10. Ncd2 Ng6 11. Bxc5 Bd6 12. Nb3 O-O 13. d4 Bxc5 14. Nxc5 f5 15.
e5 h5 16. Qd2 f4 17. Qd3 Rf5 18. Ne4 Nh8 19. Nd6 Rg5 20. Nxg5 Qxg5 21. a4 Ng6
22. Qe4 Bd7 23. axb5 h4 24. bxc6 h3 25. cxd7 Rd8 26. Rxa6 Rxd7 27. Ra8+ Kh7 28.
Ra3 hxg2 29. Rh3+ Kg8 30. Ra1 Rd8 31. Ra8 Rxa8 32. Qxa8+ Nf8 33. Rh8+ 1-0

[Event "AUTO-ELITE-08"]
[Site "http://www.queenalice.com/game.php?id=31078"]
[Date "2005.9.30"]
[Round "1"]
[White "YOYO"]
[Black "Nemesis"]
[Result "0-1"]
[WhiteElo "1500"]
[BlackElo "2168"]

1. d4 d5 2. Nf3 Nc6 3. e3 Bg4 4. Be2 e6 5. a3 Nf6 6. b4 Bd6 7. c4 dxc4 8. Bxc4
e5 9. h3 Bxf3 10. gxf3 exd4 11. exd4 Nxd4 12. Bb2 c5 0-1

[Event "AUTO-ELITE-08"]
[Site "http://www.queenalice.com/game.php?id=31079"]
[Date "2005.9.30"]
[Round "1"]
[White "Nemesis"]
[Black "YOYO"]
[Result "1-0"]
[WhiteElo "2169"]
[BlackElo "1500"]

1. d4 c5 2. d5 Nf6 3. c4 d6 4. Nc3 g6 5. e4 Bg7 6. Nf3 Bg4 7. Be2 Na6 8. e5 dxe5
9. Nxe5 Bxe2 10. Qxe2 O-O 11. O-O Nd7 12. Bf4 Nxe5 13. Bxe5 1-0